000 00898nam a2200253Ia 4500
003 OSt
005 20220923213523.0
006 a|||||r|||| 00| 0
007 ta
008 220922b |||||||| |||| 00| 0 hin d
024 _a162,483
037 _cTextual
040 _aARTS
_cARTS
_bhin
041 _2hin
_ahin
082 _aO152,2x, K9-
100 _aलाल, लक्ष्मीनारायण, संपा.
245 0 _aरंग सप्तक
_b सात एकांकी प्रकार का अभिनव संग्रह
246 _aRanga saptaka: sāt ekāankī prakār kā abhinav sangraha
250 _aसंस्क0 2
260 _c1969
650 _aहिन्दी साहित्य
_9156264
942 _hO152,2x, K9-
_cTEXL
_2CC
999 _c316963
_d316963